| 000 | 00971nam a22002777a 4500 | ||
|---|---|---|---|
| 003 | URS | ||
| 005 | 20260223174216.0 | ||
| 008 | 260223b |||||||| |||| 00| 0 eng d | ||
| 020 | _a9781350253360 | ||
| 040 |
_aDLC _beng _cDLC _dURS _erda |
||
| 050 |
_aLB 1028.5 _b.R761 2023 |
||
| 100 | _aRourks, Leigh Camacho | ||
| 245 |
_aDigital voices: _bpodcasting in the creative writing classroom / _cLeigh Camacho Rourks and Saul Lemerond.- |
||
| 264 |
_aLondon: _bBloomsbury Academic, _c2023. |
||
| 300 |
_aviii, _b178 pages; _c23 centimeters. |
||
| 336 |
_2rdacontent _atext _btxt |
||
| 337 |
_2rdamedia _aunmediated _bn |
||
| 338 |
_2rdacarrier _avolume _bnc |
||
| 500 | _aIncludes biographical records of the authors. | ||
| 504 | _aIncludes bibliography and index. | ||
| 505 | _aIncludes notes Chapter 1- chapter 9 | ||
| 650 | _2Podcasting | ||
| 650 | _2Creative writing | ||
| 700 | _aRourks, Leigh Camacho | ||
| 942 |
_2lcc _cFR _hLB 1028.5 _i.R761 2023 |
||
| 999 |
_c98806 _d98803 |
||